<?xml version="1.0" encoding="UTF-8"?>
<record
    xmlns:xsi="http://www.w3.org/2001/XMLSchema-instance"
    xsi:schemaLocation="http://www.loc.gov/MARC21/slim http://www.loc.gov/standards/marcxml/schema/MARC21slim.xsd"
    xmlns="http://www.loc.gov/MARC21/slim">

  <leader>01725nam a22002417a 4500</leader>
  <controlfield tag="005">20220304163250.0</controlfield>
  <controlfield tag="008">220304b           ||||| |||| 00| 0 eng d</controlfield>
  <datafield tag="020" ind1=" " ind2=" ">
    <subfield code="a">9788123922072</subfield>
  </datafield>
  <datafield tag="040" ind1=" " ind2=" ">
    <subfield code="c">AL</subfield>
  </datafield>
  <datafield tag="041" ind1=" " ind2=" ">
    <subfield code="a">English</subfield>
  </datafield>
  <datafield tag="082" ind1=" " ind2=" ">
    <subfield code="2">23</subfield>
    <subfield code="a">664.024 </subfield>
    <subfield code="b">SKAI</subfield>
  </datafield>
  <datafield tag="100" ind1=" " ind2=" ">
    <subfield code="a">Sinosh Skariyachan and others</subfield>
    <subfield code="9">22807</subfield>
  </datafield>
  <datafield tag="245" ind1=" " ind2=" ">
    <subfield code="a">Introduction To Food Biotechnology </subfield>
  </datafield>
  <datafield tag="260" ind1=" " ind2=" ">
    <subfield code="a">New Delhi</subfield>
    <subfield code="b">CBS Publisher &amp; Distributors Pvt Ltd</subfield>
    <subfield code="c">2012</subfield>
  </datafield>
  <datafield tag="300" ind1=" " ind2=" ">
    <subfield code="a">xix,364 p.</subfield>
    <subfield code="b">PB</subfield>
    <subfield code="c">21.5x14 cm.</subfield>
  </datafield>
  <datafield tag="365" ind1=" " ind2=" ">
    <subfield code="a">MLSH21CRB334</subfield>
    <subfield code="b">&#x20B9;188.00</subfield>
    <subfield code="c">&#x20B9;</subfield>
    <subfield code="d">&#x20B9;235.00</subfield>
    <subfield code="e">20%</subfield>
    <subfield code="f">20-02-2022</subfield>
  </datafield>
  <datafield tag="520" ind1=" " ind2=" ">
    <subfield code="a">This is a comprehensive book the contents of which have been designed keeping in mind the courses in food biotechnology for the students pursuing undergraduate and postgraduate courses in life sciences and chemical engineering. It can be used as a self-study book for chemical engineers and biological scientists who have limited background in food processing and technology. The book focuses on application of concepts in chemical engineering and biological sciences in the field of food science and technology. Initial chapters emphasize more on the concepts and applications of biological sciences in food industry and the latter section concentrates on the utility of chemical engineering in food technology. It will be a useful guide for biologists and a quick reference for engineers on the latest topics in food science and technology including food biochemistry food microbiology food processing production and preservation technologies food quality assurance and standards and role of biotec</subfield>
  </datafield>
  <datafield tag="650" ind1=" " ind2=" ">
    <subfield code="a">Food</subfield>
    <subfield code="9">22655</subfield>
  </datafield>
  <datafield tag="650" ind1=" " ind2=" ">
    <subfield code="a">Biotechnology</subfield>
    <subfield code="9">22656</subfield>
  </datafield>
  <datafield tag="700" ind1=" " ind2=" ">
    <subfield code="a">SKARIYACHAN (Sinosh)</subfield>
    <subfield code="9">22657</subfield>
  </datafield>
  <datafield tag="700" ind1=" " ind2=" ">
    <subfield code="a">ABHILASH (M)</subfield>
    <subfield code="9">22658</subfield>
  </datafield>
  <datafield tag="942" ind1=" " ind2=" ">
    <subfield code="2">ddc</subfield>
    <subfield code="c">BK</subfield>
  </datafield>
  <datafield tag="999" ind1=" " ind2=" ">
    <subfield code="c">221700</subfield>
    <subfield code="d">221700</subfield>
  </datafield>
  <datafield tag="952" ind1=" " ind2=" ">
    <subfield code="0">0</subfield>
    <subfield code="1">0</subfield>
    <subfield code="2">ddc</subfield>
    <subfield code="4">0</subfield>
    <subfield code="7">0</subfield>
    <subfield code="8">BT</subfield>
    <subfield code="a">AL</subfield>
    <subfield code="b">AL</subfield>
    <subfield code="d">2022-02-25</subfield>
    <subfield code="e">Sapna Book House (P) Ltd</subfield>
    <subfield code="g">188.00</subfield>
    <subfield code="l">0</subfield>
    <subfield code="o">664.024  SKAI</subfield>
    <subfield code="p">075534</subfield>
    <subfield code="r">2022-03-04 00:00:00</subfield>
    <subfield code="v">235.00</subfield>
    <subfield code="w">2022-03-04</subfield>
    <subfield code="y">BK</subfield>
  </datafield>
</record>
